Laws for dalit rights and dignity: experiences and responses from Tamil Nadu (Record no. 406441)

000 -LEADER
fixed length control field 00454cam a22001457a 4500
008 - FIXED-LENGTH DATA ELEMENTS--GENERAL INFORMATION
fixed length control field 180718b2007 xxu||||| |||| 00| 0 eng d
020 ## - INTERNATIONAL STANDARD BOOK NUMBER
International Standard Book Number 8131600572
082 ## - DEWEY DECIMAL CLASSIFICATION NUMBER
Classification number BA27x54 R141
100 ## - MAIN ENTRY--PERSONAL NAME
Personal name Ramaiah, A.
245 ## - TITLE STATEMENT
Title Laws for dalit rights and dignity: experiences and responses from Tamil Nadu
Statement of responsibility, etc. by A. Ramaiah
260 ## - PUBLICATION, DISTRIBUTION, ETC.
Place of publication, distribution, etc. Jaipur
Name of publisher, distributor, etc. Rawat
Date of publication, distribution, etc. 2007
300 ## - PHYSICAL DESCRIPTION
Extent 290p.
650 ## - SUBJECT ADDED ENTRY--TOPICAL TERM
Topical term or geographic name entry element Dalits --Crimes against --India.
650 ## - SUBJECT ADDED ENTRY--TOPICAL TERM
Topical term or geographic name entry element Dalits --Civil rights --India
Holdings
Withdrawn status Lost status Damaged status Not for loan Permanent Location Current Location Date acquired Full call number Barcode Date last seen Price effective from Koha item type
        Indian Institute of Public Administration Indian Institute of Public Administration 2007-04-18 BA27x54 R141 81714 2018-07-21 2018-07-21 Book

Powered by Koha